| 000 | 00607nam a22002057a 4500 | ||
|---|---|---|---|
| 003 | OSt | ||
| 005 | 20140310182346.0 | ||
| 008 | 130313t xxu||||| |||| 00| 0 eng d | ||
| 020 | _a9780448431055 | ||
| 050 |
_aG 286.M2 _b.K76 2004 |
||
| 082 |
_aGS 920.910 _bM27k 2004 |
||
| 100 |
_aKramer, Sydelle _921965 |
||
| 245 |
_aWho was Ferdinand Magellan? / _cSydelle Kramer ; illustrated by Elizabeth Wolf. |
||
| 260 |
_aNew York : _bGrosste & Dunlap, _cc2004. |
||
| 300 |
_a105 p. _bill., maps _c20 cm. |
||
| 541 | _j1 | ||
| 562 | _e1 | ||
| 650 |
_aKramer, Sydelle _921966 |
||
| 942 |
_2lcc _cBK-GS |
||
| 999 |
_c12241 _d12241 |
||